Gaturro 16 /
Guardado en:
| Autor Principal: | |
|---|---|
| Otros Autores: | |
| Formato: | Libro |
| Publicado: |
Buenos Aires :
De la Flor,
2011
|
| Edición: | 2º ed. |
| Materias: | |
| Etiquetas: |
Agregar Etiqueta
Sin Etiquetas, Sea el primero en etiquetar este registro!
|
| LEADER | 00671nam a22002415a 4500 | ||
|---|---|---|---|
| 001 | CEM.cems013553 | ||
| 005 | 20110909152422.0 | ||
| 008 | 130507s2011##################000#0#####d | ||
| 003 | CEMS | ||
| 020 | |a 9789505157990 | ||
| 082 | 0 | 4 | |a A867.4 |
| 100 | 1 | |a Nik | |
| 245 | 1 | 0 | |a Gaturro 16 / |c Nik [seudónimo] |
| 250 | |a 2º ed. | ||
| 260 | |a Buenos Aires : |b De la Flor, |c 2011 | ||
| 300 | |a 95 p. | ||
| 500 | |a Diseño: Cristian Argiz Desarrollo de tapa: Erica Fabbro | ||
| 653 | |a Historieta | ||
| 653 | |a Historieta argentina | ||
| 653 | |a Literatura | ||
| 653 | |a Humor | ||
| 700 | 1 | |a Losoviz, Laura | |
| 859 | |a CEMS |b BIB. CEMS - 11 de abril |h A867.4 |i N583 |p 26182.11 |t Ej.1 |v 16 |3 16 | ||
